Probability of unproclaimed default and its integration in sovereign country risk

Medzinárodná ekonomická výhoda a protekcionizmus. Ochrana národnej bezpečnosti a nezávislá zahraničná politika. Riziko a multiplikácia neistoty. Politické riziko (podniku, štátu alebo globálne riziko).

Gespeichert in:
Bibliographische Detailangaben
1. Verfasser: Hocman, František, 1983-
Format: Buchkapitel
Sprache:Englisch
Schlagworte:
Tags: Tag hinzufügen
Keine Tags, Fügen Sie das erste Tag hinzu!

MARC

LEADER 00000naa$a2200000$$$4500
001 0197353
005 20240502073334.1
041 0 |a eng 
044 |a SK 
245 1 0 |a Probability of unproclaimed default and its integration in sovereign country risk  |c František Hocman 
520 |a Medzinárodná ekonomická výhoda a protekcionizmus. Ochrana národnej bezpečnosti a nezávislá zahraničná politika. Riziko a multiplikácia neistoty. Politické riziko (podniku, štátu alebo globálne riziko). 
610 2 0 |a riziko politické 
610 2 0 |a vzťahy bilaterálne 
610 2 0 |a vzťahy medzinárodné 
610 2 0 |a odhady 
610 2 0 |a disciplína platobná 
100 1 |a Hocman, František, 1983-